000 00600nam a22001932 4500
001 0000003970
005 20151217145747.0
008 070517s xx 000 0 eng d
020 _a8120317505 :
_cKES 3,400
040 _aKABU
_cKABU
050 0 _aQA76.3
_b.D47
245 1 0 _aDesktop applications for Microsoft Visual BASIC 6.0 MCSD training kit.
260 _aNew Delhi :
_bPrentice Hall of India,
_c1999.
300 _axiii, 489 p.
650 0 _aMicrosoft Visual BASIC
_xStudy and teaching.
_@0000154262
908 _a070517
950 _@1
999 _c2343
_d2343